000 00515nam a2200181Ia 4500
005 20250508162639.0
008 008 250505s9999 xx 000 0 eng d
037 _aTextual
040 _aFEDL
_beng
_cFEDL
041 _aeng
_2eng
084 _a307.72, THA
_qFEDL
100 _aThakur B.N.
_9773686
245 0 _aSociology of rural development
260 _aNew Delhi, India
_bClassical Publishing Company
_c1988
300 _avi,202p.
942 _cTEXL
_h307.72, THA
999 _c1377831
_d1377831